[Event "4NCL Division 2c"]
[Site "Hinckley Island ENG"]
[Date "2014.03.23"]
[Round "8.17"]
[White "Lam, Paul GM"]
[Black "Richardson, Keith B"]
[Result "1/2-1/2"]
[WhiteElo "2119"]
[BlackElo "2117"]
[PlyCount "98"]
[EventDate "2014.03.23"]
[WhiteTeam "Warwickshire Select 1"]
[BlackTeam "BCM Dragons (1)"]

1. Nc3 g6 2. e4 Bg7 3. f4 Nc6 4. Nf3 d6 5. Bb5 Nf6 6. O-O O-O 7. d3 Bd7 8. a3
e5 9. fxe5 Nxe5 10. Nxe5 dxe5 11. Bg5 Be6 12. Qf3 Qd4+ 13. Kh1 Nd7 14. Nd5 c6
15. c3 Qc5 16. Bxc6 bxc6 17. Be7 Qb5 18. Nc7 Qb7 19. Bxf8 Qxc7 20. Bxg7 Kxg7
21. d4 f6 22. b4 Bc4 23. Rf2 a5 24. Rd1 axb4 25. axb4 Rf8 26. Qg3 Qb8 27. Qg4
Rf7 28. Qg3 Qb5 29. Rfd2 exd4 30. Rxd4 Ne5 31. Rd8 Rf8 32. Rxf8 Kxf8 33. Qf4
Kg7 34. Rd6 Nf7 35. Qxf6+ Kh6 36. Qh4+ Kg7 37. Qf6+ Kh6 38. Rxc6 Bb3 39. h4 Qe2
40. Qf4+ Kg7 41. Rc7 Be6 42. Re7 Bb3 43. Kh2 Kf8 44. Qf6 Qc4 45. Ra7 Qxe4 46.
Qd4 Qc6 47. Ra5 Qc7+ 48. g3 Qb7 49. b5 Qf3 1/2-1/2

[Event "4NCL Division 2c"]
[Site "Hinckley Island ENG"]
[Date "2014.03.23"]
[Round "8.18"]
[White "Farrand, Tom"]
[Black "Paterson, Andrew I"]
[Result "1-0"]
[WhiteElo "2166"]
[BlackElo "2088"]
[PlyCount "73"]
[EventDate "2014.03.23"]
[WhiteTeam "BCM Dragons (1)"]
[BlackTeam "Warwickshire Select 1"]

1. e4 c6 2. d4 d5 3. exd5 cxd5 4. Bd3 Nf6 5. c3 Nc6 6. Bf4 Bg4 7. Qb3 Qc8 8.
Nd2 e6 9. Ngf3 Be7 10. O-O O-O 11. Qc2 Bh5 12. Ne5 Bg6 13. Nxg6 hxg6 14. Nf3
Nh5 15. Be5 Nxe5 16. Nxe5 Nf4 17. Rae1 Qc7 18. Re3 Rfc8 19. Rf3 Nxd3 20. Qxd3
Bf6 21. Re1 Bxe5 22. Rxe5 Qc4 23. Qe3 Qxa2 24. h4 Qxb2 25. h5 gxh5 26. Rxh5
Qb1+ 27. Kh2 Qe4 28. Rfh3 f6 29. Qg3 Kf7 30. R5h4 Qc2 31. Rg4 Rg8 32. Qc7+ Kf8
33. Qd6+ Kf7 34. Qd7+ Kf8 35. Qxe6 Re8 36. Qd6+ Re7 37. Re3 1-0

[Event "4NCL Division 2c"]
[Site "Hinckley Island ENG"]
[Date "2014.03.23"]
[Round "8.21"]
[White "Spencer, Carl J"]
[Black "Dineley, Richard DP"]
[Result "1/2-1/2"]
[WhiteElo "2196"]
[BlackElo "2248"]
[PlyCount "46"]
[EventDate "2014.03.23"]
[WhiteTeam "Cambridge University 2"]
[BlackTeam "South Wales Dragons"]

1. e4 c5 2. Nf3 d6 3. Bb5+ Bd7 4. Bxd7+ Qxd7 5. O-O Nc6 6. c3 Nf6 7. d4 cxd4 8.
cxd4 d5 9. e5 Ne4 10. Ne1 h6 11. Be3 e6 12. Qg4 f5 13. exf6 Nxf6 14. Qh3 Bd6
15. Nd3 O-O 16. Nc3 Rae8 17. f4 Nb4 18. Ne5 Bxe5 19. dxe5 Ne4 20. Nxe4 dxe4 21.
Bc5 Rf7 22. Bxb4 Qd4+ 23. Kh1 Qxb4 1/2-1/2

[Event "4NCL Division 2c"]
[Site "Hinckley Island ENG"]
[Date "2014.03.23"]
[Round "8.22"]
[White "Zeidler, Sven P"]
[Black "Lee, Richard WY"]
[Result "1/2-1/2"]
[WhiteElo "2239"]
[BlackElo "2142"]
[PlyCount "115"]
[EventDate "2014.03.23"]
[WhiteTeam "South Wales Dragons"]
[BlackTeam "Cambridge University 2"]

1. e4 e5 2. Nf3 Nf6 3. Nxe5 d6 4. Nf3 Nxe4 5. d3 Nf6 6. d4 d5 7. Bg5 Be7 8. Bd3
Bg4 9. O-O O-O 10. Nbd2 Re8 11. c3 c6 12. Qc2 h6 13. Bf4 Nbd7 14. h3 Be6 15.
Rae1 Qa5 16. Re2 Rac8 17. Rfe1 b5 18. b4 Qd8 19. Nb3 Nf8 20. Nc5 Nh5 21. Bh2
Bd6 22. Ne5 Qg5 23. Qd2 Qxd2 24. Rxd2 f6 25. Be2 fxe5 26. Bxh5 Bf7 27. Bxf7+
Kxf7 28. Nb7 Bb8 29. dxe5 Re7 30. Nc5 Rce8 31. Rde2 Ne6 32. Na6 g6 33. Re3 Bc7
34. Nxc7 Rxc7 35. f4 a5 36. g4 Ra7 37. f5 gxf5 38. gxf5 Ng5 39. e6+ Ke7 40. Be5
Ne4 41. Bd4 Raa8 42. Rxe4 dxe4 43. Rxe4 Kd6 44. e7 Rg8+ 45. Kf1 Kd7 46. f6 Ke8
47. Re6 axb4 48. Rxc6 bxc3 49. Rxc3 Kf7 50. a3 Ra4 51. Rd3 b4 52. axb4 Rxb4 53.
Bc3 Rb3 54. Rd8 Re8 55. Rd3 Rxc3 56. Rxc3 Kxf6 57. Rc6+ Kxe7 58. Rxh6 1/2-1/2

[Event "4NCL Division 2c"]
[Site "Hinckley Island ENG"]
[Date "2014.03.23"]
[Round "8.23"]
[White "Karayiannis, Costas"]
[Black "Redmond, John P"]
[Result "1/2-1/2"]
[WhiteElo "2163"]
[BlackElo "2240"]
[PlyCount "41"]
[EventDate "2014.03.23"]
[WhiteTeam "Cambridge University 2"]
[BlackTeam "South Wales Dragons"]

1. d4 e6 2. c4 Nf6 3. Nc3 Bb4 4. Qc2 O-O 5. e4 d6 6. Nf3 Nc6 7. a3 Bxc3+ 8.
bxc3 e5 9. d5 Ne7 10. Nd2 Nd7 11. Nb3 f5 12. exf5 Nf6 13. Bd3 e4 14. Be2 Bxf5
15. Nd4 Qd7 16. Be3 Rae8 17. Qb3 Kh8 18. h3 c5 19. dxc6 bxc6 20. Rb1 c5 21.
Nxf5 1/2-1/2

[Event "4NCL Division 2c"]
[Site "Hinckley Island ENG"]
[Date "2014.03.23"]
[Round "8.24"]
[White "Morris, Charles F"]
[Black "Pickard, Charles"]
[Result "1/2-1/2"]
[WhiteElo "2146"]
[BlackElo "2112"]
[PlyCount "132"]
[EventDate "2014.03.23"]
[WhiteTeam "South Wales Dragons"]
[BlackTeam "Cambridge University 2"]

1. c4 Nf6 2. g3 g6 3. Bg2 Bg7 4. Nc3 d6 5. d4 O-O 6. Nf3 Nc6 7. d5 Na5 8. Nd2
c5 9. Rb1 Bd7 10. O-O a6 11. b3 b5 12. Bb2 Rb8 13. Qc2 bxc4 14. bxc4 Bh6 15. f4
Ng4 16. Nd1 f5 17. Ba1 Rxb1 18. Nxb1 Qb6 19. Nd2 Bg7 20. Bxg7 Kxg7 21. Qc3+ Kf7
22. h3 Nf6 23. Nf2 Qb4 24. Qxb4 cxb4 25. Rb1 Rb8 26. Nd3 Ne4 27. Bxe4 fxe4 28.
Rxb4 Rxb4 29. Nxb4 e3 30. Ne4 Nxc4 31. Nxa6 Nd2 32. Ng5+ Kg7 33. Nc7 h6 34.
Nge6+ Kf6 35. Kg2 Ba4 36. Nd4 Ne4 37. Ncb5 Nd2 38. Nc3 Bd7 39. Nd1 Nc4 40. Kf3
Bxh3 41. Nxe3 Nd2+ 42. Kf2 Ne4+ 43. Kg1 g5 44. a4 Nc5 45. a5 gxf4 46. gxf4 e5
47. Nc6 exf4 48. Nc4 Bg4 49. Kf2 Ne4+ 50. Ke1 Bc8 51. Nb4 h5 52. a6 h4 53. a7
Bb7 54. Nc6 h3 55. Kf1 Nc3 56. Nxd6 Ba8 57. Ne8+ Kf5 58. Nc7 Nxe2 59. Nxa8 f3
60. Nb6 h2 61. a8=Q h1=Q+ 62. Kf2 Qg2+ 63. Ke3 Qg5+ 64. Kxf3 Ng1+ 65. Kf2 Qd2+
66. Kxg1 Qe1+ 1/2-1/2

[Event "4NCL Division 2c"]
[Site "Hinckley Island ENG"]
[Date "2014.03.23"]
[Round "8.25"]
[White "Hill, Alistair"]
[Black "Jameson, David"]
[Result "1-0"]
[WhiteElo "2126"]
[BlackElo "2108"]
[PlyCount "47"]
[EventDate "2014.03.23"]
[WhiteTeam "Cambridge University 2"]
[BlackTeam "South Wales Dragons"]

1. Nf3 d5 2. c4 d4 3. g3 c5 4. e3 Nc6 5. exd4 cxd4 6. d3 e5 7. Bg2 Bd6 8. O-O
Nf6 9. Bg5 O-O 10. a3 a5 11. Nbd2 Bf5 12. Qc2 h6 13. Bxf6 Qxf6 14. Rfe1 Rfe8
15. Ne4 Bxe4 16. Rxe4 Rad8 17. Nd2 Rd7 18. Rb1 Qe7 19. Ree1 Ra8 20. Qa4 Rc7 21.
b4 Nxb4 22. axb4 Bxb4 23. Re2 Qg5 24. Rxb4 1-0

[Event "4NCL Division 2c"]
[Site "Hinckley Island ENG"]
[Date "2014.03.23"]
[Round "8.26"]
[White "James, David J"]
[Black "Gordon-Brown, Alexander J"]
[Result "1-0"]
[WhiteElo "2159"]
[BlackElo "2000"]
[PlyCount "81"]
[EventDate "2014.03.23"]
[WhiteTeam "South Wales Dragons"]
[BlackTeam "Cambridge University 2"]

1. d4 Nf6 2. Nf3 e6 3. c4 c5 4. d5 exd5 5. cxd5 d6 6. Nc3 g6 7. e4 Bg7 8. Be2
O-O 9. O-O Re8 10. Nd2 a6 11. a4 b6 12. Qc2 Qc7 13. Nc4 Nfd7 14. f4 Bb7 15. Bf3
b5 16. axb5 Bxc3 17. Qxc3 axb5 18. Rxa8 Bxa8 19. Ne3 Na6 20. Ng4 f6 21. Nxf6+
Nxf6 22. Qxf6 Qd8 23. Qc3 b4 24. Qc4 Nc7 25. b3 Bb7 26. Rd1 Ba6 27. Qc2 Qf6 28.
e5 dxe5 29. Bb2 Qxf4 30. Qxc5 Rc8 31. d6 Ne6 32. Qd5 Kf7 33. d7 Rd8 34. Bxe5
Qe3+ 35. Kh1 Qc5 36. Qe4 Bb5 37. Bg4 Qe7 38. Qf3+ Kg8 39. Bf6 Bc6 40. Bxe7 Bxf3
41. Bxe6+ 1-0

[Event "4NCL Division 2c"]
[Site "Hinckley Island ENG"]
[Date "2014.03.23"]
[Round "8.28"]
[White "Lochte, Szilvia"]
[Black "Ivanov, George"]
[Result "1/2-1/2"]
[WhiteElo "1915"]
[BlackElo "1683"]
[PlyCount "83"]
[EventDate "2014.03.23"]
[WhiteTeam "South Wales Dragons"]
[BlackTeam "Cambridge University 2"]

1. d4 Nf6 2. Nf3 e6 3. g3 d5 4. Bg2 Nbd7 5. O-O c5 6. e3 Be7 7. Nbd2 b6 8. c3
O-O 9. Qc2 Re8 10. c4 Bb7 11. b3 Rc8 12. Bb2 dxc4 13. bxc4 cxd4 14. exd4 Bb4
15. Qa4 Bxd2 16. Nxd2 Bxg2 17. Kxg2 e5 18. d5 Nc5 19. Qa3 b5 20. Rad1 bxc4 21.
Nxc4 Qc7 22. Qf3 Na4 23. Rc1 Nxb2 24. Nxb2 Qb7 25. Nc4 Qxd5 26. Qxd5 Nxd5 27.
Nd6 Rxc1 28. Rxc1 Rd8 29. Rc5 Nf6 30. Rc7 h6 31. Nxf7 Rd7 32. Rxd7 Nxd7 33. Nd6
Nb8 34. Kf3 Nd7 35. Ke4 Nc5+ 36. Kxe5 Nd3+ 37. Kd5 Nb4+ 38. Kc4 Nxa2 39. Kb3
Nc1+ 40. Kc2 Ne2 41. Kd3 Nc1+ 42. Kc2 1/2-1/2

[Event "4NCL Division 2c"]
[Site "Hinckley Island ENG"]
[Date "2014.03.23"]
[Round "8.31"]
[White "Schreiner, Till"]
[Black "Lyell, Mark"]
[Result "1-0"]
[WhiteElo "2298"]
[BlackElo "2205"]
[PlyCount "81"]
[EventDate "2014.03.23"]
[WhiteTeam "Anglian Avengers 1"]
[BlackTeam "Hackney"]

1. d4 e6 2. c4 f5 3. Nc3 Nf6 4. g3 Bb4 5. Qb3 c5 6. d5 e5 7. Bg2 d6 8. Nf3 O-O
9. a3 Bxc3+ 10. Qxc3 Qe8 11. b4 Ne4 12. Qc2 Bd7 13. O-O Ba4 14. Qb2 Nd7 15. Nh4
Qh5 16. Bf3 Qf7 17. Qb1 Rae8 18. b5 Nb6 19. Nxf5 Qxf5 20. Bxe4 Qh5 21. Qd3 Rf6
22. h4 h6 23. Bd2 Ref8 24. Kg2 Nc8 25. f3 Ne7 26. Rh1 Qe8 27. g4 Ng6 28. e3 Ne7
29. Kf2 h5 30. Rag1 hxg4 31. Rxg4 Qh5 32. Ke2 Kh8 33. Rg5 Qh6 34. Be1 g6 35.
Rhg1 Nf5 36. h5 Ng7 37. hxg6 Kg8 38. R5g4 Nh5 39. Bh4 Kg7 40. Bg5 Qh8 41. Rh4
1-0

[Event "4NCL Division 2c"]
[Site "Hinckley Island ENG"]
[Date "2014.03.23"]
[Round "8.32"]
[White "Mackle, Dominic"]
[Black "Merry, Alan B"]
[Result "1-0"]
[WhiteElo "2251"]
[BlackElo "2316"]
[PlyCount "87"]
[EventDate "2014.03.23"]
[WhiteTeam "Hackney"]
[BlackTeam "Anglian Avengers 1"]

1. d4 Nf6 2. c4 e6 3. Nf3 b6 4. a3 c5 5. d5 Ba6 6. Qc2 exd5 7. cxd5 g6 8. Nc3
Bg7 9. g3 O-O 10. Bg2 d6 11. O-O Nbd7 12. Qa4 Bb7 13. Qh4 a6 14. Bg5 Re8 15.
Nd2 Qb8 16. e4 h5 17. Nc4 b5 18. Na5 Nh7 19. Nc6 Qc7 20. Rad1 Ndf6 21. h3 b4
22. axb4 cxb4 23. Nxb4 a5 24. Nc6 Qb6 25. Bc1 Rac8 26. Rfe1 Nd7 27. Ne7+ Rxe7
28. Qxe7 Ne5 29. Be3 Qb4 30. Na2 Qb3 31. Rc1 Bf8 32. Rxc8 Bxc8 33. Qd8 Bxh3 34.
Qxa5 Bg4 35. Qa3 Qc4 36. Nc3 Nf3+ 37. Bxf3 Bxf3 38. Bf4 h4 39. Re3 Bg4 40. Bxd6
Ng5 41. Qa8 Nh3+ 42. Kg2 Bc8 43. Bxf8 Kxf8 44. Qc6 1-0

[Event "4NCL Division 2c"]
[Site "Hinckley Island ENG"]
[Date "2014.03.23"]
[Round "8.33"]
[White "Taylor, Adam C"]
[Black "Eames, Robert S"]
[Result "1/2-1/2"]
[WhiteElo "2078"]
[BlackElo "2224"]
[PlyCount "73"]
[EventDate "2014.03.23"]
[WhiteTeam "Anglian Avengers 1"]
[BlackTeam "Hackney"]

1. c4 e5 2. g3 c6 3. d4 Bb4+ 4. Bd2 Bxd2+ 5. Qxd2 d6 6. Nc3 Nf6 7. dxe5 dxe5 8.
Qxd8+ Kxd8 9. Nf3 Re8 10. Ng5 Re7 11. Bg2 Kc7 12. O-O h6 13. Nge4 Nxe4 14. Nxe4
f5 15. Nc3 Be6 16. b3 Na6 17. Rac1 Rd7 18. e4 Nb4 19. Nd5+ Bxd5 20. cxd5 fxe4
21. dxc6 bxc6 22. Bxe4 Rd4 23. Rfe1 Re8 24. a3 Nd3 25. Rxc6+ Kd7 26. Rd1 Nxf2
27. Rxd4+ exd4 28. Bf3 Nd1 29. Ra6 Re1+ 30. Kg2 Ne3+ 31. Kf2 Rb1 32. Rxa7+ Ke6
33. Ra6+ Ke5 34. Ra5+ Ke6 35. Ra6+ Ke5 36. Ra5+ Ke6 37. Ra6+ 1/2-1/2

[Event "4NCL Division 2c"]
[Site "Hinckley Island ENG"]
[Date "2014.03.23"]
[Round "8.34"]
[White "Cenal Gutierrez, Ruben"]
[Black "Player, Edmund C"]
[Result "1/2-1/2"]
[WhiteElo "2220"]
[BlackElo "2247"]
[PlyCount "137"]
[EventDate "2014.03.23"]
[WhiteTeam "Hackney"]
[BlackTeam "Anglian Avengers 1"]

1. d4 d5 2. Nf3 Nf6 3. Bf4 c5 4. c3 Qb6 5. Qb3 Nc6 6. Nbd2 c4 7. Qxb6 axb6 8.
a3 b5 9. Rc1 h6 10. h3 g5 11. Bh2 Bf5 12. e3 Nd7 13. Be2 Bg7 14. O-O O-O 15.
Bd1 Bd3 16. Re1 f5 17. Bc2 Bxc2 18. Rxc2 Bf6 19. Nf1 Kh7 20. Rce2 Kg6 21. N3d2
h5 22. f3 e5 23. g3 g4 24. hxg4 hxg4 25. f4 exd4 26. exd4 Nb6 27. Kg2 Rf7 28.
Bg1 Re7 29. Rxe7 Nxe7 30. Ne3 Na4 31. Nd1 Ra6 32. Nf1 Kf7 33. Nfe3 Re6 34. Bf2
Nb6 35. Nc2 Rxe1 36. Bxe1 Ke6 37. Kf1 Kd6 38. Ke2 Kc7 39. Bd2 Nbc8 40. Nf2 Nd6
41. Ne3 Ne8 42. Be1 Ng7 43. Bd2 Nh5 44. Nf1 Bg7 45. Nd1 Kb6 46. Nde3 Nf6 47.
Be1 Ne4 48. Nd2 Nd6 49. Kd1 Kc6 50. Ke2 Kd7 51. Nd1 Nc6 52. Bf2 Ke6 53. Be3 Na5
54. Bf2 Bf8 55. Ne3 Be7 56. Be1 Nc8 57. Kd1 Nb6 58. Kc2 Na4 59. Bf2 Nc6 60. Ng2
Nb6 61. Kd1 Bf6 62. Kc1 Nc8 63. Kd1 Nd6 64. Ke2 Na5 65. Kd1 Nc6 66. Ke2 Ne7 67.
Ne1 Ng6 68. Ng2 Nc8 69. Kd1 1/2-1/2

[Event "4NCL Division 2c"]
[Site "Hinckley Island ENG"]
[Date "2014.03.23"]
[Round "8.35"]
[White "Spence, David J"]
[Black "Walker, Nicholas P"]
[Result "1/2-1/2"]
[WhiteElo "2222"]
[BlackElo "2184"]
[PlyCount "93"]
[EventDate "2014.03.23"]
[WhiteTeam "Anglian Avengers 1"]
[BlackTeam "Hackney"]

1. e4 e5 2. Nf3 Nc6 3. Bc4 Nf6 4. d3 Bc5 5. c3 O-O 6. Bb3 h6 7. h3 d5 8. Qe2 d4
9. Nbd2 Qe7 10. Nf1 a5 11. a4 Be6 12. Bc2 Rad8 13. g4 Nh7 14. Ng3 Qd7 15. Nh4
Be7 16. Nhf5 Bg5 17. h4 Bf4 18. Nh5 Bxc1 19. Rxc1 Bxf5 20. gxf5 Kh8 21. Kd2 g6
22. Ng3 Ne7 23. Qf3 Nf6 24. cxd4 Qxd4 25. Qe3 Qb4+ 26. Ke2 Ng4 27. Qd2 Qxd2+
28. Kxd2 Nxf2 29. Rhf1 Ng4 30. Bd1 Nf6 31. Rxc7 Rd7 32. Rxd7 Nxd7 33. fxg6 fxg6
34. Rxf8+ Nxf8 35. Bg4 Kg7 36. Kc3 Kf6 37. Kc4 Ne6 38. Bxe6 Kxe6 39. Kb5 Nc6
40. Kb6 Nb4 41. Kxb7 Nxd3 42. Kb6 Nxb2 43. Kxa5 Kd6 44. Kb5 Nxa4 45. Kxa4 Kc5
46. h5 gxh5 47. Nxh5 1/2-1/2

[Event "4NCL Division 2c"]
[Site "Hinckley Island ENG"]
[Date "2014.03.23"]
[Round "8.36"]
[White "Malhotra, Tarun"]
[Black "Gray, Mark S"]
[Result "1/2-1/2"]
[WhiteElo "1997"]
[BlackElo "2102"]
[PlyCount "97"]
[EventDate "2014.03.23"]
[WhiteTeam "Hackney"]
[BlackTeam "Anglian Avengers 1"]

1. Nf3 d5 2. g3 Nf6 3. Bg2 e6 4. O-O Be7 5. b3 O-O 6. Bb2 c5 7. e3 Nc6 8. Qe2
b6 9. d4 Bb7 10. a3 Rc8 11. Nbd2 Qc7 12. Rac1 Rfd8 13. Rfd1 Qb8 14. c4 a5 15.
a4 cxd4 16. exd4 Ba6 17. Nf1 Rd7 18. Ne3 Ne4 19. Qc2 Nb4 20. Qb1 Nf6 21. Ne5
Rdc7 22. Ba3 Bb7 23. cxd5 Nfxd5 24. Nxd5 Nxd5 25. Bxe7 Nxe7 26. Bxb7 Rxc1 27.
Rxc1 Rxc1+ 28. Qxc1 Qxb7 29. Qc4 Nd5 30. Qb5 Kf8 31. Nc4 Qc7 32. Qa6 Ke7 33.
Qa8 Qd8 34. Qb7+ Qd7 35. Qb8 Qd8 36. Qe5 Nf6 37. Ne3 g6 38. Nc4 h5 39. h4 Nd5
40. Qg5+ Ke8 41. Qh6 Nc3 42. Ne5 Ne2+ 43. Kf1 Nxd4 44. Qh8+ Ke7 45. Qg7 Qd5 46.
Nxg6+ Kd6 47. Qf8+ Kc7 48. Qxf7+ Kb8 49. Kg1 1/2-1/2

[Event "4NCL Division 2c"]
[Site "Hinckley Island ENG"]
[Date "2014.03.23"]
[Round "8.37"]
[White "Talsma, Paul A"]
[Black "Tasker, Michael W"]
[Result "0-1"]
[WhiteElo "2191"]
[BlackElo "2077"]
[PlyCount "72"]
[EventDate "2014.03.23"]
[WhiteTeam "Anglian Avengers 1"]
[BlackTeam "Hackney"]

1. d4 Nf6 2. c4 g6 3. Nc3 Bg7 4. e4 d6 5. Bg5 h6 6. Be3 O-O 7. f3 Nc6 8. Nge2
Rb8 9. Qd2 h5 10. O-O-O e5 11. d5 Na5 12. Ng1 c5 13. h3 Nh7 14. g4 h4 15. f4
exf4 16. Bxf4 a6 17. Nf3 Re8 18. Bd3 b5 19. Rhe1 Nxc4 20. Bxc4 bxc4 21. e5 Bd7
22. Re2 Qa5 23. Rde1 Rb7 24. Qc2 Reb8 25. Bd2 dxe5 26. Nxe5 Rxb2 27. Qxb2 Rxb2
28. Kxb2 Qb4+ 29. Ka1 Ng5 30. Rb1 Qa5 31. Rc1 Bxe5 32. Rxe5 Nf3 33. Re2 Nd4 34.
Rd1 Nxe2 35. Nxe2 Qc7 36. Bf4 Qd8 0-1

[Event "4NCL Division 2c"]
[Site "Hinckley Island ENG"]
[Date "2014.03.23"]
[Round "8.38"]
[White "Bowmer, Kevin"]
[Black "Munson, Shaun D"]
[Result "0-1"]
[WhiteElo "2088"]
[BlackElo "2165"]
[PlyCount "88"]
[EventDate "2014.03.23"]
[WhiteTeam "Hackney"]
[BlackTeam "Anglian Avengers 1"]

1. e4 c5 2. Nf3 Nc6 3. d4 cxd4 4. Nxd4 e5 5. Nb5 d6 6. N1c3 a6 7. Na3 b5 8. Nd5
Nge7 9. c4 Nd4 10. Be3 Nxd5 11. cxd5 Be7 12. Bd3 O-O 13. Nc2 Nxc2+ 14. Qxc2 Bd7
15. O-O Rc8 16. Qd2 f5 17. exf5 Bxf5 18. Bxf5 Rxf5 19. Rfc1 Rf8 20. Rc6 Rxc6
21. dxc6 d5 22. c7 Qd7 23. Rc1 d4 24. Bg5 Bxg5 25. Qxg5 Re8 26. Qxe5 Rxe5 27.
c8=Q+ Qxc8 28. Rxc8+ Kf7 29. Kf1 Ke7 30. Rc2 Kd6 31. Re2 Rc5 32. Ke1 d3 33. Rd2
Re5+ 34. Kf1 Rd5 35. Rd1 Kc5 36. Ke1 Kd4 37. Kd2 Rf5 38. Rf1 a5 39. a3 b4 40.
axb4 axb4 41. h3 h5 42. g3 Re5 43. Re1 Rxe1 44. Kxe1 Kc4 0-1

[Event "4NCL Division 2c"]
[Site "Hinckley Island ENG"]
[Date "2014.03.23"]
[Round "8.41"]
[White "Beaumont, Chris R"]
[Black "Richardson, John R"]
[Result "1-0"]
[WhiteElo "2285"]
[BlackElo "2338"]
[PlyCount "81"]
[EventDate "2014.03.23"]
[WhiteTeam "Bristol 1"]
[BlackTeam "The AD's"]

1. Nf3 Nf6 2. c4 e6 3. g3 d5 4. Bg2 Be7 5. O-O O-O 6. d4 dxc4 7. Qc2 a6 8. a4
b6 9. Ne5 Ra7 10. Rd1 Bb7 11. e4 Nbd7 12. Nxc4 Qa8 13. Nc3 Ne8 14. Be3 Nd6 15.
Nxd6 Bxd6 16. a5 Qb8 17. d5 exd5 18. Nxd5 Bxd5 19. Rxd5 Rb7 20. e5 Nxe5 21.
Rxe5 Bxe5 22. Qe4 c6 23. axb6 Rc8 24. Rxa6 Qd6 25. b4 Rbb8 26. Bf3 h6 27. Ra7
Qf6 28. Kg2 Kh8 29. Qc4 Kg8 30. Bh5 g6 31. Bg4 Rd8 32. Rxf7 Qxf7 33. Be6 Rf8
34. Bxh6 Bg7 35. Be3 Rbc8 36. Bc5 Rce8 37. Bxf7+ Rxf7 38. Bd6 Bf8 39. Bc7 Kg7
40. Qxc6 Re2 41. Bf4 1-0

[Event "4NCL Division 2c"]
[Site "Hinckley Island ENG"]
[Date "2014.03.23"]
[Round "8.43"]
[White "Rudd, Jack"]
[Black "Snape, Ian L"]
[Result "1-0"]
[WhiteElo "2219"]
[BlackElo "2222"]
[PlyCount "75"]
[EventDate "2014.03.23"]
[WhiteTeam "Bristol 1"]
[BlackTeam "The AD's"]

1. e4 c5 2. Nf3 d6 3. d4 Nf6 4. Nc3 cxd4 5. Nxd4 g6 6. Be3 Bg7 7. Be2 O-O 8. f4
Nc6 9. Nb3 Be6 10. g4 d5 11. f5 Bc8 12. exd5 Nb4 13. Bf3 gxf5 14. a3 fxg4 15.
Bg2 Na6 16. Qd3 Qd6 17. O-O-O Nh5 18. Ne4 Qg6 19. h3 g3 20. Bf3 Bf5 21. Bxh5
Qxh5 22. Nxg3 Bxd3 23. Nxh5 Bg6 24. Nxg7 Kxg7 25. Rhe1 Rfc8 26. c3 b6 27. Bg5
h6 28. Bxe7 Nb8 29. d6 Nd7 30. Bh4 Rc4 31. Rd4 Rac8 32. Rxc4 Rxc4 33. Nd4 Rc5
34. Re7 Nf8 35. Rxa7 Rd5 36. Be7 Bd3 37. Bxf8+ Kxf8 38. d7 1-0

[Event "4NCL Division 2c"]
[Site "Hinckley Island ENG"]
[Date "2014.03.23"]
[Round "8.44"]
[White "Swindells, Jonathan E"]
[Black "Musson, Adam J"]
[Result "1/2-1/2"]
[WhiteElo "2164"]
[BlackElo "2082"]
[PlyCount "42"]
[EventDate "2014.03.23"]
[WhiteTeam "The AD's"]
[BlackTeam "Bristol 1"]

1. e4 e5 2. Bc4 Nf6 3. d3 Nc6 4. Nf3 Bc5 5. c3 O-O 6. b4 Bb6 7. Bg5 h6 8. Bh4
d6 9. a4 a6 10. Qb3 Qe7 11. Nbd2 Nd8 12. Nf1 Ne6 13. Ne3 Nf4 14. O-O g5 15. Bg3
Ne2+ 16. Kh1 Nxg3+ 17. hxg3 Bxe3 18. fxe3 Ng4 19. Rae1 Be6 20. Nh2 h5 21. Bxe6
Qxe6 1/2-1/2

[Event "4NCL Division 2c"]
[Site "Hinckley Island ENG"]
[Date "2014.03.23"]
[Round "8.45"]
[White "Dilleigh, Stephen P"]
[Black "Besedin, Pavel"]
[Result "0-1"]
[WhiteElo "2146"]
[BlackElo "2130"]
[PlyCount "86"]
[EventDate "2014.03.23"]
[WhiteTeam "Bristol 1"]
[BlackTeam "The AD's"]

1. Nf3 g6 2. c4 Bg7 3. d4 d6 4. e4 Nf6 5. Nc3 O-O 6. Be2 e5 7. Be3 Nc6 8. d5
Ne7 9. Nd2 Nd7 10. b4 f5 11. f3 a5 12. a3 c5 13. bxa5 Rxa5 14. Nb3 Ra6 15. a4
b6 16. O-O Nf6 17. Qc2 f4 18. Bd2 g5 19. Ra2 g4 20. Rfa1 Ng6 21. Nb5 gxf3 22.
gxf3 Nh5 23. Be1 Qg5+ 24. Kh1 Ng3+ 25. hxg3 fxg3 26. Bd1 Bh6 27. Bxg3 Qxg3 28.
Qh2 Qe1+ 29. Qg1 Qh4+ 30. Rh2 Bh3 31. Qf2 Qxf2 32. Rxf2 Rf4 33. Rh2 Rh4 34.
Nxd6 Bf4 35. Nf5 Bg2+ 36. Kxg2 Rxh2+ 37. Kf1 Rb2 38. Nd6 h5 39. Nb5 h4 40. Nc3
h3 41. Ne2 Nh4 42. Kg1 Nxf3+ 43. Kh1 Ra7 0-1

[Event "4NCL Division 2c"]
[Site "Hinckley Island ENG"]
[Date "2014.03.23"]
[Round "8.47"]
[White "Slade, Theo"]
[Black "Stockwell, Mark B"]
[Result "1/2-1/2"]
[WhiteElo "1805"]
[BlackElo "1977"]
[PlyCount "70"]
[EventDate "2014.03.23"]
[WhiteTeam "Bristol 1"]
[BlackTeam "The AD's"]

1. d4 Nf6 2. Bg5 e6 3. e4 h6 4. Bxf6 Qxf6 5. c3 e5 6. Nf3 d6 7. Nbd2 g6 8. Bc4
Bg7 9. O-O O-O 10. Qc2 Nc6 11. dxe5 Nxe5 12. Nxe5 dxe5 13. Rfd1 Rd8 14. Nf1 Bg4
15. f3 Be6 16. Bxe6 Qxe6 17. Qb3 Qb6+ 18. Qxb6 axb6 19. a3 h5 20. Ne3 Bh6 21.
Kf2 Bxe3+ 22. Kxe3 f6 23. g3 Kf7 24. f4 Ke6 25. Rxd8 Rxd8 26. Rf1 exf4+ 27.
gxf4 g5 28. fxg5 fxg5 29. Rf5 Rg8 30. Kf3 Rg6 31. Kg3 Rg7 32. c4 Rg8 33. Kf3
Rg6 34. Kg3 Rg8 35. Kf3 Rg6 1/2-1/2

[Event "4NCL Division 2d"]
[Site "Hinckley Island ENG"]
[Date "2014.05.04"]
[Round "10.51"]
[White "Padilla Cabero, Pablo"]
[Black "Lock, Gavin R"]
[Result "1-0"]
[WhiteElo "2166"]
[BlackElo "2182"]
[PlyCount "115"]
[EventDate "2014.05.04"]
[WhiteTeam "Brown Jack"]
[BlackTeam "Wessex"]

1. e4 e6 2. d4 d5 3. e5 c5 4. c3 Qb6 5. Ne2 Nc6 6. g3 cxd4 7. cxd4 Nh6 8. Bh3
Nf5 9. Bxf5 exf5 10. O-O Be6 11. Nbc3 Be7 12. h4 O-O 13. Bg5 h6 14. Bxe7 Nxe7
15. Qd3 Rac8 16. Rab1 Rc6 17. Nf4 Rfc8 18. Rfd1 Rc4 19. Rd2 Qa5 20. Rbd1 b5 21.
a3 b4 22. axb4 Rxb4 23. Qf3 Rcb8 24. Rb1 Rb3 25. Rdd1 Rxb2 26. Ra1 Qd8 27. Rxa7
R2b3 28. Rd3 Nc6 29. Ra4 Nb4 30. Rd2 Rc8 31. Nfe2 Qd7 32. Ra1 Rc4 33. Rc1 Qc6
34. Kh2 Qa6 35. Qh1 Qb7 36. Qd1 Nc6 37. Na2 Rxc1 38. Naxc1 Rb1 39. Qc2 Qb6 40.
Nd3 Na5 41. Nc3 Ra1 42. Nc5 Nc4 43. Re2 Qb4 44. Nd3 Qb6 45. Nc5 Qb4 46. Na2 Qb5
47. Kg2 Na3 48. Qb2 Rd1 49. Nc3 Qxb2 50. Rxb2 Rxd4 51. Rb8+ Kh7 52. Ne2 Rc4 53.
Nxe6 fxe6 54. Nf4 Rc6 55. h5 g5 56. hxg6+ Kg7 57. Rb7+ Kg8 58. Nh5 1-0

[Event "4NCL Division 2d"]
[Site "Hinckley Island ENG"]
[Date "2014.05.04"]
[Round "10.52"]
[White "Rutter, Nick J"]
[Black "Headlong, Timothy"]
[Result "1/2-1/2"]
[WhiteElo "2167"]
[BlackElo "2158"]
[PlyCount "48"]
[EventDate "2014.05.04"]
[WhiteTeam "Wessex"]
[BlackTeam "Brown Jack"]

1. e4 c5 2. Nf3 Nc6 3. d4 cxd4 4. Nxd4 g6 5. c4 Bg7 6. Be3 Nf6 7. Nc3 d6 8. f3
O-O 9. Qd2 Nxd4 10. Bxd4 Be6 11. Rc1 a5 12. Be2 Nd7 13. Be3 a4 14. Nb5 Nc5 15.
O-O Qa5 16. Rfd1 Qxd2 17. Rxd2 Rfc8 18. Rb1 h5 19. b3 axb3 20. axb3 Bf6 21. Kf2
Kg7 22. g3 Bd7 23. Bxc5 Rxc5 24. f4 Bxb5 1/2-1/2

[Event "4NCL Division 2d"]
[Site "Hinckley Island ENG"]
[Date "2014.05.04"]
[Round "10.53"]
[White "Girdlestone, Paul C"]
[Black "Gregory, Keith DF"]
[Result "1-0"]
[WhiteElo "2131"]
[BlackElo "2038"]
[PlyCount "87"]
[EventDate "2014.05.04"]
[WhiteTeam "Brown Jack"]
[BlackTeam "Wessex"]

1. d4 d6 2. Nf3 Nf6 3. g3 Nbd7 4. Bg2 e5 5. c4 c6 6. Nc3 Be7 7. Qc2 O-O 8. O-O
Re8 9. Rd1 Qc7 10. b4 Nf8 11. b5 Be6 12. bxc6 bxc6 13. Qa4 Bd7 14. c5 Nd5 15.
Bd2 exd4 16. Nxd4 Nxc3 17. Bxc3 d5 18. Nb3 Ne6 19. Qa3 Qc8 20. h4 Bf8 21. Qa5
Nd8 22. Rd2 Nb7 23. Qa3 a5 24. Bd4 a4 25. Nc1 Na5 26. Qc3 Bh3 27. Rb1 Bxg2 28.
Kxg2 Nc4 29. Rd3 Ra5 30. Rf3 f6 31. Rb4 Ra7 32. h5 h6 33. e3 Qg4 34. Qc2 a3 35.
Qf5 Qxf5 36. Rxf5 Ne5 37. Rb6 Rc7 38. Nb3 Nc4 39. Ra6 Rb8 40. Na5 Nxa5 41. Rxa5
Kf7 42. Be5 Ke6 43. Bxc7 Rb7 44. Rf4 1-0